| 000 | 00463nam a22001697a 4500 | ||
|---|---|---|---|
| 005 | 20180911162122.0 | ||
| 010 | _aB-108218 | ||
| 020 |
_a8123738609 _c55.00 |
||
| 035 | _aB-108218 | ||
| 037 | _bNational Book Trust, India | ||
| 082 | _a921 | ||
| 100 | _aMoon, Vasant | ||
| 245 |
_aDr. Babasaheb Ambedkar _cVasant Moon |
||
| 260 |
_aNew Delhi _bNational Book Trust, India _c2002 |
||
| 300 |
_a224p. _c22cm (pbk) |
||
| 942 |
_2ddc _cEN _h921 _mAMB |
||
| 999 |
_c157369 _d157369 |
||